000 00795nam a22002177a 4500
999 _c16581
_d16581
003 AR-CdUCM
008 190503b ||||| |||| 00| 0 spa d
040 _aMUNICIPALIDAD PROVINCIAL DEL CUSCO
_cBIBLIOTECA MUNICIPAL DEL CUSCO
082 _a985.01 /
_bB26
100 _aBaumann, Hans
_936099
245 _aGold and gods of Peru /
260 _aLondon :
_bOxford University Press,
_c1963.
300 _a177 páginas ;
_bIlustraciones,
_c21 cm.
505 _aContendido: A mysterious word -- The great golden fish -- Felipillo´s story -- The sons of the sun -- Pictures from the world of the incas...
650 _aArqueología
_9371
650 _aÉpoca Prehispánica
_92714
650 _aPerú
_935
700 _aHumphries, Stella
_936100
942 _2ddc
_cLIBROS
945 _aacv
_d2019-05-03